|
|
|
|
| LEADER |
01553nam a2200397 a 4500 |
| 001 |
EBC3386445 |
| 003 |
MiAaPQ |
| 005 |
20200520144314.0 |
| 006 |
m o d | |
| 007 |
cr cn||||||||| |
| 008 |
110714s2010 enk sb 001 0deng d |
| 020 |
|
|
|z 9780745329888
|
| 020 |
|
|
|z 9780745329895
|
| 020 |
|
|
|a 9781849645522 (electronic bk.)
|
| 035 |
|
|
|a (MiAaPQ)EBC3386445
|
| 035 |
|
|
|a (Au-PeEL)EBL3386445
|
| 035 |
|
|
|a (CaPaEBR)ebr10480041
|
| 035 |
|
|
|a (OCoLC)923333261
|
| 040 |
|
|
|a MiAaPQ
|c MiAaPQ
|d MiAaPQ
|
| 050 |
|
4 |
|a HX274.7.L48
|b A25 2010
|
| 100 |
1 |
|
|a Luxemburg, Rosa,
|d 1871-1919.
|
| 245 |
1 |
0 |
|a Socialism or barbarism
|h [electronic resource] :
|b selected writings /
|c Rosa Luxemburg ; edited and with an introduction by Paul Le Blanc and Helen C. Scott.
|
| 260 |
|
|
|a London :
|b Pluto Press,
|c 2010.
|
| 300 |
|
|
|a 281 p.
|
| 490 |
1 |
|
|a Get political ;
|v 9
|
| 504 |
|
|
|a Includes bibliographical references and index.
|
| 505 |
0 |
|
|a pt. 1. Introductory essay / by Helen C. Scott and Paul Le Blanc -- pt. 2. Luxemburg's selected writings, 1893-1919.
|
| 533 |
|
|
|a Electronic reproduction. Ann Arbor, MI : ProQuest, 2015. Available via World Wide Web. Access may be limited to ProQuest affiliated libraries.
|
| 600 |
1 |
0 |
|a Luxemburg, Rosa,
|d 1871-1919.
|
| 650 |
|
0 |
|a Socialism.
|
| 655 |
|
4 |
|a Electronic books.
|
| 700 |
1 |
|
|a Blanc, Paul le.
|
| 700 |
1 |
|
|a Scott, Helen C.
|
| 710 |
2 |
|
|a ProQuest (Firm)
|
| 830 |
|
0 |
|a Get political ;
|v 9.
|
| 856 |
4 |
0 |
|u https://ebookcentral.proquest.com/lib/matrademy/detail.action?docID=3386445
|z Click to View
|